| 000 | 00890nam a22003137a 4500 | ||
|---|---|---|---|
| 001 | 000439 | ||
| 003 | DO-SdBNP | ||
| 005 | 20171113111746.0 | ||
| 007 | 000439 | ||
| 008 | 160803b 2005 xxu a ||||| |||| 00| 0 spa d | ||
| 020 | _a1861979150 | ||
| 020 | _a9781861979155 | ||
| 040 |
_aBPMSU _bspa _cBPMSU |
||
| 082 | 4 |
_a658.4 _bT297g, 2005 |
|
| 100 | 1 | _aTennent, John | |
| 245 | 1 | 0 |
_aGuide to business modelling / _cJohn Tennent , Graham Friend. |
| 250 | _a2a ed | ||
| 260 |
_aLondon : _b Profile, _c2005. |
||
| 300 |
_a281 p. : _bil. ; _c26 cm. |
||
| 650 | 4 |
_aEMPRESAS _xFINANZAS |
|
| 650 | 4 | _aPLANIFICACIÓN EMPRESARIAL | |
| 650 | 4 |
_aMERCADEO _xTOMA DE DECISIONES |
|
| 700 | 1 | 2 | _aGraham, Friend |
| 710 | 2 | 2 | _aThe economist |
| 910 | _aValidado. Control de calidad MFF | ||
| 942 |
_2ddc _cBK |
||
| 945 | _aInventariado, 2017/MFF | ||
| 956 |
_2LOPEREZ _310 _620160803 _8BPMSU _a00041 |
||
| 999 |
_c11090 _d11090 |
||